Vision, values, and courage : Leadership for quality management
Gorde:
| Egile nagusia: | |
|---|---|
| Formatua: | Liburua |
| Hizkuntza: | Undetermined |
| Argitaratua: |
New York
Free Press
1994
|
| Gaiak: | |
| Etiketak: |
Etiketa erantsi
Etiketarik gabe, Izan zaitez lehena erregistro honi etiketa jartzen!
|
| Thư viện lưu trữ: | Trung tâm Học liệu Trường Đại học Cần Thơ |
|---|
| LEADER | 00578nam a2200193Ia 4500 | ||
|---|---|---|---|
| 001 | CTU_95441 | ||
| 008 | 210402s9999 xx 000 0 und d | ||
| 082 | |a 658.562 | ||
| 082 | |b S675 | ||
| 100 | |a Snyder, Neil H. | ||
| 245 | 0 | |a Vision, values, and courage : | |
| 245 | 0 | |b Leadership for quality management | |
| 245 | 0 | |c Neil H. Snyder, James J. Dowd, Jr., Dianne Morse Houghton | |
| 260 | |a New York | ||
| 260 | |b Free Press | ||
| 260 | |c 1994 | ||
| 650 | |a Leadership,Total quality management | ||
| 904 | |i Năm | ||
| 980 | |a Trung tâm Học liệu Trường Đại học Cần Thơ | ||